| 000 | 05302cam a2200445 i 4500 | ||
|---|---|---|---|
| 001 | 22852780 | ||
| 003 | OSt | ||
| 005 | 20230907140344.0 | ||
| 006 | m |o d | | ||
| 007 | cr_||||||||||| | ||
| 008 | 221017s2023 enk ob 001 0 eng | ||
| 010 | _a 2022036759 | ||
| 020 | _a9781032607092 | ||
| 020 |
_z9781032348544 _q(hardback) |
||
| 020 |
_z9781032424835 _q(paperback) |
||
| 040 |
_aDLC _beng _cDLC _erda _dDLC |
||
| 042 | _apcc | ||
| 050 | 0 | 0 | _aPN56.W326 |
| 082 | 0 | 0 |
_a809.933581 _bALI/L |
| 245 | 0 | 0 |
_aLiterature and the War on Terror : _bnation, democracy and liberalisation / _cedited by Sk Sagir Ali. |
| 264 | 1 |
_aLondon ; _aNew York : _bRoutledge, _c2023. |
|
| 300 | _a222 p | ||
| 336 |
_atext _btxt _2rdacontent |
||
| 338 |
_aonline resource _bcr _2rdacarrier |
||
| 504 | _aIncludes bibliographical references and index. | ||
| 505 | 0 | _aIntroduction: Surveying the frontiers of home, democracy and belonging in the literature of war on terror / Sk Sagir Ali -- Cartographies of otherness and strategic outsiderism in post 9/11 fictions. "An extravagant and wheeling stranger" - encountering the Muslim as the neighbor / Shinjini Basu -- Rewriting the American narrative of Muslim men: Ayad Akhtar's depiction of race, gender, and masculinity / Nalini Iyer -- "There is no Israel for me": je suis Charlie, the ends of the French Republic, and the laicistic contours of Islamophobic dystopia in Michel Houellebecq's Submission / Swayamdipta Das -- Sinhala Budhist nationalism and shrinking space for Muslims in Sri Lanka: the post Tamil Elam War and 9/11 situation / Rajeesh CS -- The making of xenophobia: migrating from hatred to grief in the novels of Mohsin Hamid / Debamitra Kar -- Pax Americana!: American exceptionalism and Salman Rushdie's language of state / Shayeari Dutta -- Reconfiguring the contours of home, belonging, and the rights of conditional citizenship in post 9/11 novels. Imagining citizenship, democracy and belonging in Laila Lalami's Hope and other dangerous pursuits and Ayad Akhtar's Homeland elegies / Sk Sagir Ali -- Globalization, Islamic machine, and "critical localism" in the aftermath of 9/11 / Mosarrap Hossain Khan -- War, terror and migration: Hamid's Exit west as a cosmopolitan novel / Faisal Nazir -- Popular imagination and the ideological representational apparatus of Western media and culture in post 9/11 climate. Tribute in light: memory (re)placed / Pinaki De -- The radical sadness of late-night television: the comedy talk show in the shadow of 9/11 / Sudipto Sanyal and Somnath Basu -- 9/11 and the supervillain crisis: a study of the 'terrorist villain 'and terrorism in select MCU films / Rohan Hassan -- Post 9/11 digital martyrdom - digital ephemera of Ireland and digital protest movement of Bangladesh / Kusumita Datta -- Locating "other" lives and the unmappable registers of precarity in 9/11 novels. Possible lives, impossible times:the tragic queer diasporic Muslim in Ghalib Shiraz Dhalla's The exiles / Anil Pradhan -- "You are my creator, but I am your master": a reading of Frankenstein in Baghdad as a postcolonial Pharmakon / Avijit Basak -- The trauma of familiarity: a very brief overview of British-Muslim writings in the post 9/11 UK / Pinaki Roy. | |
| 520 |
_a"This book examines cultural imaginations post 9/11. It explores the idea of a religious community and its multifaceted representations in literature and popular culture. The essays in the volume focus on the role of literature, film, music, television shows and other cultural forms in opening up spaces for complex reflections on identities and cultures, and how they enable us to rethink the 'trauma of familiarity', post-traumatic heterotopias, religious extremism, and the idea of the 'neighbor' in post-9/11 literary and cultural imagination. The volume also probes the intersections of religion, popular media, televised simulacrum, digital martyrdom in the wake of 9/11. It also probes the simulation of new age media images with reference to the creation and dissemination of 'martyrs', the languages of grief, religionization of terrorism, islamophobia, religious stereotypes, and the reading of comics in writing the terror. An essential read, the book reclaims and reinterprets the alternative to a Eurocentric/Americentric understanding of cultural and geopolitical structures of global designs. It will be of great interest to researchers of literature and culture studies, media studies, politics, film studies, and South Asian studies"-- _cProvided by publisher. |
||
| 588 | _aDescription based on print version record and CIP data provided by publisher. | ||
| 650 | 0 | _aWar on Terrorism, 2001-2009, in literature. | |
| 650 | 0 | _aMuslims in literature. | |
| 650 | 0 |
_aLiterature and society _xHistory _y21st century. |
|
| 650 | 0 |
_aSeptember 11 Terrorist Attacks, 2001 _xInfluence. |
|
| 655 | 7 |
_aLiterary criticism. _2lcgft |
|
| 655 | 7 |
_aEssays. _2lcgft |
|
| 700 | 1 |
_aAli, Sk. Sagir _eeditor. _99442 |
|
| 776 | 0 | 8 |
_iPrint version: _tLiterature and the War on Terror _dAbingdon, Oxon ; New York, NY : Routledge, 2023 _z9781032348544 _w(DLC) 2022036758 |
| 906 |
_a7 _bcbc _corignew _d1 _eecip _f20 _gy-gencatlg |
||
| 942 |
_2ddc _cBK _h809.933581 _iALI/L _k809.933581 _mALI/L |
||
| 999 |
_c42146 _d42146 |
||